<?xml version="1.0" encoding="UTF-8"?>
<record
    xmlns:xsi="http://www.w3.org/2001/XMLSchema-instance"
    xsi:schemaLocation="http://www.loc.gov/MARC21/slim http://www.loc.gov/standards/marcxml/schema/MARC21slim.xsd"
    xmlns="http://www.loc.gov/MARC21/slim">

  <leader>01917nam0a2200385 i 4500</leader>
  <controlfield tag="001">RU\NLR\BIBL_A\010530554</controlfield>
  <controlfield tag="005">20260405154206.0</controlfield>
  <datafield tag="010" ind1=" " ind2=" ">
    <subfield code="a">9785759811473</subfield>
    <subfield code="9">600</subfield>
  </datafield>
  <datafield tag="021" ind1=" " ind2=" ">
    <subfield code="a">RU</subfield>
    <subfield code="b">14-67782</subfield>
  </datafield>
  <datafield tag="035" ind1=" " ind2=" ">
    <subfield code="a">(NILC)RuMoRGB-007549839</subfield>
  </datafield>
  <datafield tag="035" ind1=" " ind2=" ">
    <subfield code="a">(NLR Aleph) 010530554</subfield>
  </datafield>
  <datafield tag="090" ind1=" " ind2=" ">
    <subfield code="a">10255213</subfield>
    <subfield code="c">10255213</subfield>
  </datafield>
  <datafield tag="100" ind1=" " ind2=" ">
    <subfield code="a">20141114d2014    km y0rusy50      ca</subfield>
  </datafield>
  <datafield tag="101" ind1="1" ind2=" ">
    <subfield code="a">rus</subfield>
    <subfield code="c">eng</subfield>
  </datafield>
  <datafield tag="102" ind1=" " ind2=" ">
    <subfield code="a">RU</subfield>
  </datafield>
  <datafield tag="105" ind1=" " ind2=" ">
    <subfield code="a">a|||7|||001yy</subfield>
  </datafield>
  <datafield tag="200" ind1="1" ind2=" ">
    <subfield code="a">&#x41C;&#x430;&#x441;&#x441;&#x43E;&#x432;&#x43E;&#x435; &#x432;&#x44B;&#x441;&#x448;&#x435;&#x435; &#x43E;&#x431;&#x440;&#x430;&#x437;&#x43E;&#x432;&#x430;&#x43D;&#x438;&#x435;</subfield>
    <subfield code="e">&#x442;&#x440;&#x438;&#x443;&#x43C;&#x444; &#x411;&#x420;&#x418;&#x41A;?</subfield>
    <subfield code="f">&#x41C;&#x430;&#x440;&#x442;&#x438;&#x43D; &#x41A;&#x430;&#x440;&#x43D;&#x43E;&#x439;, &#x41F;&#x440;&#x430;&#x448;&#x430;&#x43D;&#x442; &#x41B;&#x43E;&#x44F;&#x43B;&#x43A;&#x430;, &#x41C;&#x430;&#x440;&#x438;&#x44F; &#x414;&#x43E;&#x431;&#x440;&#x44F;&#x43A;&#x43E;&#x432;&#x430; [&#x438; &#x434;&#x440;.]</subfield>
    <subfield code="g">&#x43F;&#x435;&#x440;. &#x441; &#x430;&#x43D;&#x433;&#x43B;. &#x41C;&#x430;&#x440;&#x438;&#x438; &#x414;&#x43E;&#x431;&#x440;&#x44F;&#x43A;&#x43E;&#x432;&#x43E;&#x439;, &#x41B;&#x44E;&#x434;&#x43C;&#x438;&#x43B;&#x44B; &#x41F;&#x438;&#x440;&#x43E;&#x436;&#x43A;&#x43E;&#x432;&#x43E;&#x439;</subfield>
  </datafield>
  <datafield tag="210" ind1=" " ind2=" ">
    <subfield code="a">&#x41C;&#x43E;&#x441;&#x43A;&#x432;&#x430;</subfield>
    <subfield code="c">&#x418;&#x437;&#x434;&#x430;&#x442;&#x435;&#x43B;&#x44C;&#x441;&#x43A;&#x438;&#x439; &#x434;&#x43E;&#x43C; &#x412;&#x44B;&#x441;&#x448;&#x435;&#x439; &#x448;&#x43A;&#x43E;&#x43B;&#x44B; &#x44D;&#x43A;&#x43E;&#x43D;&#x43E;&#x43C;&#x438;&#x43A;&#x438;</subfield>
    <subfield code="d">2014</subfield>
  </datafield>
  <datafield tag="215" ind1=" " ind2=" ">
    <subfield code="a">525, [1] &#x441;.</subfield>
    <subfield code="c">&#x438;&#x43B;.</subfield>
    <subfield code="d">22</subfield>
  </datafield>
  <datafield tag="225" ind1="1" ind2=" ">
    <subfield code="a">&#x411;&#x438;&#x431;&#x43B;&#x438;&#x43E;&#x442;&#x435;&#x43A;&#x430; &#x436;&#x443;&#x440;&#x43D;&#x430;&#x43B;&#x430; "&#x412;&#x43E;&#x43F;&#x440;&#x43E;&#x441;&#x44B; &#x43E;&#x431;&#x440;&#x430;&#x437;&#x43E;&#x432;&#x430;&#x43D;&#x438;&#x44F;"</subfield>
    <subfield code="f">&#x440;&#x435;&#x434;. &#x441;&#x43E;&#x432;&#x435;&#x442;: &#x42F;&#x440;&#x43E;&#x441;&#x43B;&#x430;&#x432; &#x41A;&#x443;&#x437;&#x44C;&#x43C;&#x438;&#x43D;&#x43E;&#x432; [&#x438; &#x434;&#x440;.]</subfield>
  </datafield>
  <datafield tag="300" ind1=" " ind2=" ">
    <subfield code="a">&#x417;&#x430;&#x433;&#x43B;. &#x43E;&#x440;&#x438;&#x433;.: University expansion in a changing global economy</subfield>
  </datafield>
  <datafield tag="320" ind1=" " ind2=" ">
    <subfield code="a">&#x411;&#x438;&#x431;&#x43B;&#x438;&#x43E;&#x433;&#x440;.: &#x441;. 504-522</subfield>
  </datafield>
  <datafield tag="454" ind1=" " ind2="0">
    <subfield code="1">2001#$aUniversity expansion in a changing global economy</subfield>
    <subfield code="t">University expansion in a changing global economy</subfield>
  </datafield>
  <datafield tag="606" ind1="1" ind2=" ">
    <subfield code="a">&#x412;&#x44B;&#x441;&#x448;&#x435;&#x435; &#x43E;&#x431;&#x440;&#x430;&#x437;&#x43E;&#x432;&#x430;&#x43D;&#x438;&#x435;</subfield>
    <subfield code="y">&#x421;&#x442;&#x440;&#x430;&#x43D;&#x44B; &#x411;&#x420;&#x418;&#x41A;&#x421;</subfield>
    <subfield code="9">2162205</subfield>
    <subfield code="3">RU\NLR\AUTH\661605771</subfield>
  </datafield>
  <datafield tag="686" ind1="1" ind2=" ">
    <subfield code="a">&#x427;484(0)</subfield>
  </datafield>
  <datafield tag="701" ind1=" " ind2="1">
    <subfield code="a">&#x41A;&#x430;&#x440;&#x43D;&#x43E;&#x439;</subfield>
    <subfield code="b">&#x41C;.</subfield>
    <subfield code="g">&#x41C;&#x430;&#x440;&#x442;&#x438;&#x43D;</subfield>
  </datafield>
  <datafield tag="701" ind1=" " ind2="1">
    <subfield code="a">&#x41B;&#x43E;&#x44F;&#x43B;&#x43A;&#x430;</subfield>
    <subfield code="b">&#x41F;.</subfield>
    <subfield code="g">&#x41F;&#x440;&#x430;&#x448;&#x430;&#x43D;&#x442;</subfield>
  </datafield>
  <datafield tag="701" ind1=" " ind2="1">
    <subfield code="8">rus</subfield>
    <subfield code="7">ca</subfield>
    <subfield code="a">&#x414;&#x43E;&#x431;&#x440;&#x44F;&#x43A;&#x43E;&#x432;&#x430;</subfield>
    <subfield code="b">&#x41C;. &#x421;.</subfield>
    <subfield code="g">&#x41C;&#x430;&#x440;&#x438;&#x44F; &#x421;&#x435;&#x440;&#x433;&#x435;&#x435;&#x432;&#x43D;&#x430;</subfield>
    <subfield code="3">RU\NLR\AUTH\7765153</subfield>
    <subfield code="9">48082</subfield>
  </datafield>
  <datafield tag="702" ind1=" " ind2="1">
    <subfield code="4">340</subfield>
    <subfield code="8">rus</subfield>
    <subfield code="7">ca</subfield>
    <subfield code="a">&#x414;&#x43E;&#x431;&#x440;&#x44F;&#x43A;&#x43E;&#x432;&#x430;</subfield>
    <subfield code="b">&#x41C;. &#x421;.</subfield>
    <subfield code="g">&#x41C;&#x430;&#x440;&#x438;&#x44F; &#x421;&#x435;&#x440;&#x433;&#x435;&#x435;&#x432;&#x43D;&#x430;</subfield>
    <subfield code="3">RU\NLR\AUTH\7765153</subfield>
    <subfield code="9">48082</subfield>
  </datafield>
  <datafield tag="801" ind1=" " ind2="0">
    <subfield code="a">RU</subfield>
    <subfield code="b">&#x420;&#x413;&#x411;</subfield>
    <subfield code="c">20140908</subfield>
    <subfield code="g">RCR</subfield>
  </datafield>
  <datafield tag="801" ind1=" " ind2="1">
    <subfield code="a">RU</subfield>
    <subfield code="b">&#x420;&#x413;&#x411;</subfield>
    <subfield code="c">20140908</subfield>
    <subfield code="2">rusmarc</subfield>
  </datafield>
  <datafield tag="942" ind1=" " ind2=" ">
    <subfield code="c">BOOK</subfield>
  </datafield>
  <datafield tag="980" ind1=" " ind2=" ">
    <subfield code="a">NBR</subfield>
  </datafield>
</record>
